MARC

LEADER 00000nam0a2200000 4500
001 74345
005 20231101212743.0
010 |a 5902665027 
035 |a (RuTPU)RU\TPU\book\79285 
090 |a 74345 
100 |a 20050302d2004 m y0rusy50 ca 
101 0 |a rus 
102 |a RU 
105 |a y j 001zy 
200 1 |a Задачник по трубопроводному транспорту нефти, нефтепродуктов и газа  |e учебное пособие для вузов  |f М. В. Лурье 
205 |a 3-е изд. 
210 |a Москва  |c ЛитНефтегаз  |d 2004 
215 |a 350 с. 
225 1 |a Высшее образование 
320 |a Рекомендуемая литература: с. 350 
451 1 |0 (RuTPU)RU\TPU\book\62501  |y 5-8365-0154-8  |t Задачник по трубопроводному транспорту нефти, нефтепродуктов и газа  |o учебное пособие  |f М. В. Лурье  |c М.  |n Недра-Бизнесцентр  |d 2003  |p 350 с.  |s Высшее образование  |a Лурье, Михаил Владимирович 
606 1 |a Трубопроводный транспорт нефти и газа  |x Горное дело  |2 stltpush  |3 (RuTPU)RU\TPU\subj\61734  |9 78897 
610 1 |a нефть 
610 1 |a нефтепродукты 
610 1 |a газ 
610 1 |a физические свойства 
610 1 |a трубопроводы 
610 1 |a нефтеперекачивающие станции 
610 1 |a нефтепроводы 
610 1 |a газопроводы 
610 1 |a транспортировка 
610 1 |a задачи 
610 1 |a решения 
610 1 |a практические пособия 
610 1 |a учебные пособия 
675 |a 622.69(076)  |v 3 
700 1 |a Лурье  |b М. В.  |g Михаил Владимирович 
801 1 |a RU  |b 63413507  |c 20050302  |g PSBO 
801 2 |a RU  |b 63413507  |c 20150720  |g PSBO 
900 |a Нефтегазопромысловая геология и геологические методы раз 
900 |a Нефтегазопромысловое оборудование 
900 |a Проектирование газонефтепроводов 
900 |a Подготовка, транспорт и хранение скважинной продукции 
900 |a Проектирование и эксплуатация насосных и компрессорных станций 
900 |a Повышение надежности трубопроводных систем 
942 |c BK 
952 |a 553600  |b 090700